Chess Endings - Statistics

General Stats
  • This quiz has been taken 52 times
  • The average score is 5 of 8
Answer Stats
Ending % Correct
Checkmate
100%
Stalemate
90%
Timeout
80%
Resignation
73%
Agreement
56%
Repetition
54%
Insufficient material
46%
50-move rule
41%
No matching quizzes found
Score Distribution
Percent of People with Each Score
Percentile by Number Answered
Your Score History
You have not taken this quiz